[Event "XIX Festival B"]
[Site "Robecchetto con Induno ITA"]
[Date "2008.12.28"]
[Round "3"]
[White "Porzio, Massimo"]
[Black "Attuati, Stefano"]
[Result "1-0"]
[WhiteElo "1866"]
[BlackElo "1778"]
[PlyCount "49"]
[EventDate "2008.12.27"]

1. e4 e5 2. Nf3 Nc6 3. Bb5 a6 4. Bxc6 dxc6 5. O-O f6 6. d4 Bd6 7. dxe5 fxe5 8.
Nxe5 Qf6 9. Nc4 Ne7 10. e5 Bxe5 11. Qh5+ Ng6 12. Nxe5 Qxe5 13. Qxe5+ Nxe5 14.
Re1 O-O 15. Rxe5 Bf5 16. c4 Rad8 17. Re1 Rf6 18. Bg5 Re6 19. Be3 Rg6 20. Nc3
Bh3 21. g3 Rgd6 22. Rad1 Bg4 23. Rxd6 cxd6 24. Bb6 Rd7 25. f4 1-0

[Event "XIX Festival B"]
[Site "Robecchetto con Induno ITA"]
[Date "2008.12.28"]
[Round "3"]
[White "Rossini, Luca"]
[Black "Fizzotti, Mario"]
[Result "0-1"]
[WhiteElo "1778"]
[BlackElo "1795"]
[PlyCount "80"]
[EventDate "2008.12.27"]

1. d4 Nf6 2. c4 e6 3. Nc3 Bb4 4. e3 c5 5. Nge2 d5 6. a3 Ba5 7. cxd5 Nxd5 8. Bd2
cxd4 9. Nxd5 Bxd2+ 10. Qxd2 Qxd5 11. Qxd4 Qxd4 12. Nxd4 a6 13. g3 e5 14. Nf3
Nc6 15. Bg2 Ke7 16. Rd1 Be6 17. O-O Rhd8 18. Rxd8 Rxd8 19. Rc1 f6 20. Ne1 Bd5
21. f4 Bxg2 22. Nxg2 Rd2 23. b4 Kd6 24. Ne1 e4 25. Rc2 Rxc2 26. Nxc2 Kd5 27.
Kf2 Kc4 28. Ke2 Kc3 29. Kd1 Ne7 30. h4 Nd5 31. g4 Kd3 32. g5 Nxe3+ 33. Nxe3
Kxe3 34. f5 Kf4 35. g6 h5 36. Ke2 Kxf5 37. Ke3 Ke5 38. a4 f5 39. b5 axb5 40.
axb5 b6 0-1

[Event "XIX Festival B"]
[Site "Robecchetto con Induno ITA"]
[Date "2008.12.28"]
[Round "3"]
[White "Santarelli, Sabatino"]
[Black "Melino, Gianluca"]
[Result "1/2-1/2"]
[WhiteElo "1692"]
[BlackElo "1795"]
[PlyCount "52"]
[EventDate "2008.12.27"]

1. e4 c5 2. g3 Nc6 3. Bg2 g6 4. c3 Bg7 5. Ne2 e5 6. O-O Nge7 7. d3 O-O 8. f4 d6
9. Na3 Be6 10. Nc2 d5 11. fxe5 dxe4 12. Bxe4 Bh3 13. Rf2 Bxe5 14. Nf4 Bf5 15.
Be3 Bxe4 16. dxe4 b6 17. Rd2 Qe8 18. Qf3 Rd8 19. Rad1 Rxd2 20. Rxd2 Qc8 21. Nd5
Kg7 22. Ne1 f5 23. Nxe7 Nxe7 24. Kg2 Qb7 25. exf5 Qxf3+ 26. Nxf3 Nxf5 1/2-1/2

[Event "XIX Festival B"]
[Site "Robecchetto con Induno ITA"]
[Date "2008.12.28"]
[Round "3"]
[White "Torretta, Gilberto"]
[Black "Epitome, Nando"]
[Result "0-1"]
[WhiteElo "1765"]
[BlackElo "1470"]
[PlyCount "88"]
[EventDate "2008.12.27"]

1. e4 c5 2. Nc3 a6 3. Nge2 d6 4. g3 e5 5. Bg2 Nf6 6. O-O Be7 7. d3 O-O 8. Bg5
Nbd7 9. a4 b6 10. Qd2 Bb7 11. f4 Rc8 12. fxe5 dxe5 13. Bh3 Rc7 14. Rf5 g6 15.
Rf2 Nh5 16. Bh6 Ng7 17. Raf1 f6 18. g4 Rc6 19. Nd5 Rd6 20. Nxe7+ Qxe7 21. Ng3
c4 22. g5 cxd3 23. Bxd7 Qxd7 24. gxf6 Ne6 25. f7+ Kh8 26. Bxf8 Nxf8 27. cxd3
Rxd3 28. Qb4 Kg7 29. Qxb6 Rd6 30. Qe3 h6 31. Nf5+ gxf5 32. Qg3+ Rg6 33. Qxg6+
Kxg6 34. Rg2+ Kxf7 35. Rxf5+ Qxf5 36. exf5 Bxg2 37. Kxg2 Kf6 38. Kf3 Kxf5 39.
b4 Ne6 40. Ke3 Nd4 41. Kd3 Kf4 42. Kc4 Ke3 43. Kc5 e4 44. b5 Nxb5 0-1

[Event "XIX Festival B"]
[Site "Robecchetto con Induno ITA"]
[Date "2008.12.28"]
[Round "3"]
[White "Vinciguerra, Riccardo"]
[Black "Colombo, Maurizio"]
[Result "1/2-1/2"]
[WhiteElo "1523"]
[BlackElo "1718"]
[PlyCount "91"]
[EventDate "2008.12.27"]

1. d4 d5 2. Nf3 Nf6 3. e3 Bf5 4. c4 e6 5. cxd5 exd5 6. Qb3 Qc8 7. Bd3 Bxd3 8.
Qxd3 Bd6 9. Nbd2 O-O 10. h3 Re8 11. O-O Ne4 12. a3 Nd7 13. Rb1 Ndf6 14. b4 g5
15. Bb2 g4 16. hxg4 Qxg4 17. Ne5 Qh5 18. Ndf3 Kh8 19. Qd1 Rg8 20. Nh2 Rxg2+ 21.
Kxg2 Rg8+ 22. Kh1 Ng4 23. Nexg4 Rxg4 24. f4 Ng3+ 25. Kg2 Nxf1+ 26. Nxg4 f5 27.
Qxf1 fxg4 28. Qh1 Qf5 29. Ba1 h5 30. Kg3 Be7 31. Rc1 h4+ 32. Kg2 c6 33. Bc3 Qd3
34. Qe1 Qe4+ 35. Kg1 Kh7 36. Qe2 Qf5 37. Be1 Kh6 38. Qh2 Kh5 39. Bg3 Qd3 40.
Re1 Bf6 41. f5 Bg5 42. Bxh4 Bxh4 43. f6 g3 44. Qe2+ Qxe2 45. Rxe2 Bxf6 46. Kg2
1/2-1/2

[Event "XIX Festival B"]
[Site "Robecchetto con Induno ITA"]
[Date "2008.12.29"]
[Round "4"]
[White "Angalone, Ruggero"]
[Black "Madaschi, Sergio"]
[Result "0-1"]
[WhiteElo "1443"]
[BlackElo "1619"]
[PlyCount "60"]
[EventDate "2008.12.27"]

1. e4 e5 2. f4 exf4 3. Nf3 g5 4. Bc4 d6 5. O-O Bg7 6. d4 Bg4 7. c3 Bxf3 8. Qxf3
c6 9. h4 h6 10. g3 Qf6 11. gxf4 gxh4 12. e5 Qg6+ 13. Qg2 Qxg2+ 14. Kxg2 d5 15.
Bd3 Nd7 16. b3 O-O-O 17. Ba3 Re8 18. Nd2 h5 19. Nf3 Nh6 20. Rae1 Ng4 21. Nxh4
Bf8 22. Bxf8 Rhxf8 23. Nf5 Kc7 24. Nd6 Rd8 25. Rh1 f6 26. Kf3 fxe5 27. dxe5
Ndxe5+ 28. Ke2 Nxd3 29. Nb5+ cxb5 30. Kxd3 Nf2+ 0-1

[Event "XIX Festival B"]
[Site "Robecchetto con Induno ITA"]
[Date "2008.12.29"]
[Round "4"]
[White "Attuati, Stefano"]
[Black "Megassini, Stefano"]
[Result "1/2-1/2"]
[WhiteElo "1778"]
[BlackElo "1557"]
[PlyCount "45"]
[EventDate "2008.12.27"]

1. e4 c5 2. Nf3 e6 3. d4 cxd4 4. Nxd4 Be7 5. Be2 d6 6. O-O Nf6 7. Nc3 O-O 8.
Be3 a6 9. f4 d5 10. exd5 Nxd5 11. Nxd5 exd5 12. Bd3 Bc5 13. Kh1 Qf6 14. Rf3 Bg4
15. Ne2 Bxf3 16. Bxc5 Bxe2 17. Qxe2 Rc8 18. c3 Nc6 19. Qh5 g6 20. Qxd5 Re8 21.
Qf3 Rad8 22. Rd1 Rxd3 23. Rxd3 1/2-1/2

[Event "XIX Festival B"]
[Site "Robecchetto con Induno ITA"]
[Date "2008.12.29"]
[Round "4"]
[White "Barrera, Pietro"]
[Black "Clerici, Samuele"]
[Result "1-0"]
[WhiteElo "1866"]
[BlackElo "1728"]
[PlyCount "29"]
[EventDate "2008.12.27"]

1. d4 d5 2. Nf3 Nf6 3. Bf4 e6 4. e3 c5 5. c3 Nc6 6. Bd3 c4 7. Bc2 Be7 8. Nbd2
O-O 9. O-O b5 10. e4 b4 11. Ne5 Bb7 12. Nxc6 Bxc6 13. e5 Nd7 14. Qg4 f6 15.
Qxe6+ 1-0

[Event "XIX Festival B"]
[Site "Robecchetto con Induno ITA"]
[Date "2008.12.29"]
[Round "4"]
[White "Colombo, Maurizio"]
[Black "Rossini, Luca"]
[Result "1/2-1/2"]
[WhiteElo "1718"]
[BlackElo "1778"]
[PlyCount "46"]
[EventDate "2008.12.27"]

1. d4 Nf6 2. c4 e6 3. Nf3 d5 4. Nc3 Be7 5. Bg5 Nbd7 6. e3 O-O 7. Rc1 b6 8. cxd5
exd5 9. Bd3 Bb7 10. O-O Ne4 11. Bf4 Ndf6 12. Nd2 c5 13. f3 Nxc3 14. Rxc3 c4 15.
Bb1 Bb4 16. Rc1 Ba6 17. Re1 Re8 18. Kf2 Nh5 19. Bg3 Nxg3 20. hxg3 Bd6 21. f4
Qf6 22. Nf3 Bb7 23. Qc2 g6 1/2-1/2

[Event "XIX Festival B"]
[Site "Robecchetto con Induno ITA"]
[Date "2008.12.29"]
[Round "4"]
[White "Epitome, Nando"]
[Black "Foroni, Francesco"]
[Result "0-1"]
[WhiteElo "1470"]
[BlackElo "1873"]
[PlyCount "76"]
[EventDate "2008.12.27"]

1. d4 Nf6 2. c4 e5 3. e3 exd4 4. exd4 Bb4+ 5. Bd2 Bxd2+ 6. Nxd2 O-O 7. Bd3 Re8+
8. Ne2 d5 9. O-O Nc6 10. h3 Be6 11. Rc1 Qd7 12. Nf3 Bf5 13. Ng3 Bg6 14. a3 Rad8
15. c5 Ne4 16. b4 Qe7 17. Re1 Qf6 18. b5 Nxd4 19. Bxe4 dxe4 20. Nd2 Qf4 21. Re3
Nf5 22. Rxe4 Rxe4 23. Ngxe4 Ne3 24. Qe2 Bxe4 25. Nxe4 Ng4 26. Qxg4 Qxc1+ 27.
Kh2 Qh6 28. Qg3 Rc8 29. f3 Qe6 30. a4 f6 31. Qh4 Qe5+ 32. Kg1 Qd4+ 33. Kh2 Rd8
34. Qg4 Qe5+ 35. Ng3 h5 36. Qc4+ Qd5 37. Qc2 Kf7 38. h4 g6 0-1

[Event "XIX Festival B"]
[Site "Robecchetto con Induno ITA"]
[Date "2008.12.29"]
[Round "4"]
[White "Fizzotti, Mario"]
[Black "Moroni, Luca jr"]
[Result "1-0"]
[WhiteElo "1795"]
[BlackElo "1515"]
[PlyCount "65"]
[EventDate "2008.12.27"]

1. d4 d5 2. c4 e6 3. Nf3 Nf6 4. Nc3 Bb4 5. Bg5 Nc6 6. e3 Bd7 7. cxd5 exd5 8.
Qb3 Bxc3+ 9. bxc3 Rb8 10. Bxf6 Qxf6 11. Qxd5 Qe6 12. Qxe6+ Bxe6 13. e4 Ne7 14.
d5 Bd7 15. Bd3 Ng6 16. O-O O-O 17. Rfe1 Rfe8 18. Nd4 Ne5 19. Bf1 c6 20. f4 c5
21. fxe5 cxd4 22. cxd4 Re7 23. Rac1 Bg4 24. d6 Rd7 25. h3 Bh5 26. Rc7 Rxc7 27.
dxc7 Rc8 28. Rc1 Kf8 29. d5 a6 30. d6 Ke8 31. Bc4 Kd7 32. Bd5 b5 33. Bb7 1-0

[Event "XIX Festival B"]
[Site "Robecchetto con Induno ITA"]
[Date "2008.12.29"]
[Round "4"]
[White "Loaldi, Davide"]
[Black "Folcini, Gaddo"]
[Result "1-0"]
[WhiteElo "1434"]
[BlackElo "1523"]
[PlyCount "103"]
[EventDate "2008.12.27"]

1. e4 e5 2. Nf3 d5 3. Nxe5 Nf6 4. exd5 Qxd5 5. d4 Bb4+ 6. c3 Bd6 7. c4 Qe4+ 8.
Qe2 O-O 9. Qxe4 Nxe4 10. f3 Nf6 11. Bd3 Nbd7 12. Nxd7 Bxd7 13. Bg5 Rae8+ 14.
Kf2 Nh5 15. g3 c5 16. d5 Be5 17. Nc3 Bd4+ 18. Kg2 f6 19. Bd2 f5 20. Rae1 Rxe1
21. Rxe1 f4 22. g4 Nf6 23. Bxf4 Nxg4 24. Bg3 Ne3+ 25. Kh1 Bh3 26. Be4 Bg2+ 27.
Kg1 Bh3 28. Kh1 Nf5 29. d6 Nxg3+ 30. hxg3 Kh8 31. Bd5 Bf2 32. Re7 Rd8 33. Kh2
Bd7 34. Ne4 h6 35. Nxf2 Bf5 36. Rxb7 Rxd6 37. Rxa7 Rf6 38. Ra8+ Kh7 39. Be4
Bxe4 40. Nxe4 Rxf3 41. Nxc5 Rf2+ 42. Kh3 Rxb2 43. Ne6 Re2 44. Nf8+ Kg8 45. Nd7+
Kf7 46. c5 h5 47. c6 Rc2 48. Ra7 Ke6 49. Nf8+ Kd6 50. c7 Rxc7 51. Rxc7 Kxc7 52.
Kh4 1-0

[Event "XIX Festival B"]
[Site "Robecchetto con Induno ITA"]
[Date "2008.12.29"]
[Round "4"]
[White "Melino, Gianluca"]
[Black "Corti, Filippo"]
[Result "1-0"]
[WhiteElo "1795"]
[BlackElo "1706"]
[PlyCount "23"]
[EventDate "2008.12.27"]

1. d4 Nf6 2. Bg5 Ne4 3. Bf4 d5 4. f3 Nf6 5. e4 dxe4 6. Nc3 e3 7. Bc4 Bf5 8.
Nge2 e6 9. d5 exd5 10. Nxd5 Nxd5 11. Bxd5 c6 12. Bxf7+ 1-0

[Event "XIX Festival B"]
[Site "Robecchetto con Induno ITA"]
[Date "2008.12.29"]
[Round "4"]
[White "Panades, Ignazio"]
[Black "Petetta, Roberto"]
[Result "1/2-1/2"]
[WhiteElo "1584"]
[BlackElo "1656"]
[PlyCount "123"]
[EventDate "2008.12.27"]

1. d4 d5 2. Nf3 Nf6 3. e3 c6 4. Bd3 Bg4 5. Nbd2 Nbd7 6. c3 Qc7 7. Qc2 O-O-O 8.
Ng5 Be6 9. f4 h6 10. Nxe6 fxe6 11. Nf3 c5 12. Qe2 Ne4 13. Bxe4 dxe4 14. Ne5
Nxe5 15. fxe5 g5 16. Qg4 Qc6 17. Rf1 Rg8 18. Bd2 Bg7 19. Rf7 Kd7 20. O-O-O Rdf8
21. Rxf8 Rxf8 22. d5 Qa6 23. dxe6+ Kc7 24. Qxe4 Qxe6 25. Be1 Qc6 26. Qh7 Rf7
27. Qg8 Qe6 28. Qd8+ Kc6 29. Bg3 Rf8 30. Qa5 a6 31. Qa4+ Kc7 32. Qa5+ Kc6 33.
Qa4+ Kb6 34. Qb3+ Qxb3 35. axb3 Rf5 36. e6 Be5 37. e4 Bf4+ 38. Kc2 Re5 39. Bxf4
gxf4 40. Rf1 Rxe4 41. Kd3 Rxe6 42. Rxf4 Kc6 43. Re4 Rd6+ 44. Ke3 Kd7 45. b4
cxb4 46. Rxb4 b6 47. Rd4 Rxd4 48. Kxd4 Kd6 49. g4 Ke6 50. h4 Kf6 51. g5+ hxg5
52. hxg5+ Kxg5 53. Ke5 b5 54. Ke6 Kf4 55. Kxe7 Ke5 56. Kd7 Kd5 57. Kc7 Kc5 58.
Kb7 a5 59. Ka6 a4 60. Ka5 Kc4 61. Ka6 b4 62. cxb4 1/2-1/2

[Event "XIX Festival B"]
[Site "Robecchetto con Induno ITA"]
[Date "2008.12.29"]
[Round "4"]
[White "Porzio, Massimo"]
[Black "Brunetti, Alessandro"]
[Result "1/2-1/2"]
[WhiteElo "1866"]
[BlackElo "1940"]
[PlyCount "99"]
[EventDate "2008.12.27"]

1. Nf3 d5 2. d4 c6 3. e3 Nf6 4. Bd3 Bg4 5. Nbd2 e6 6. O-O Bd6 7. c4 Nbd7 8. Re1
Bh5 9. e4 dxe4 10. Nxe4 Nxe4 11. Bxe4 Nf6 12. Bc2 Ng4 13. Qd3 Bg6 14. Qc3 Qc7
15. h3 Nf6 16. Bg5 Be7 17. Rad1 Rd8 18. Ne5 Bxc2 19. Qxc2 Qb6 20. Be3 Qc7 21.
Qb3 O-O 22. Bg5 h6 23. Bh4 Qb6 24. Qxb6 axb6 25. Ng4 Rd7 26. Nxf6+ gxf6 27. Re3
Rfd8 28. Red3 Kg7 29. Rg3+ Kh7 30. Rgd3 Kg6 31. Kf1 Kh5 32. Bg3 Bc5 33. Bc7
Rxc7 34. dxc5 Rxd3 35. Rxd3 bxc5 36. Rg3 b5 37. cxb5 cxb5 38. Rb3 Rb7 39. a3
Kg5 40. Rf3 f5 41. Rd3 Kf4 42. Rd8 c4 43. Ke2 Ke4 44. Rc8 Kd5 45. Kd2 b4 46.
axb4 Rxb4 47. Kc2 e5 48. Rf8 Rb7 49. Rd8+ Kc5 50. Rc8+ 1/2-1/2

[Event "XIX Festival B"]
[Site "Robecchetto con Induno ITA"]
[Date "2008.12.29"]
[Round "4"]
[White "Primerano, Carlo"]
[Black "Bencivenga, Antonio"]
[Result "1-0"]
[WhiteElo "1725"]
[BlackElo "1407"]
[PlyCount "81"]
[EventDate "2008.12.27"]

1. d4 Nf6 2. c4 e6 3. Nc3 Be7 4. e4 d6 5. Nf3 Nbd7 6. Bd3 e5 7. d5 Nc5 8. Bc2
O-O 9. b4 Ncd7 10. O-O h6 11. Ne1 Nb8 12. f3 c6 13. Be3 Na6 14. a3 c5 15. bxc5
Nxc5 16. Nd3 b6 17. Nxc5 bxc5 18. Qd2 Nh7 19. Ba4 f5 20. f4 exf4 21. Bxf4 Bg5
22. Bc6 Rb8 23. Nb5 fxe4 24. Bxg5 Nxg5 25. Rxf8+ Qxf8 26. Rf1 Qe7 27. Qf4 Bh3
28. Qxd6 Qxd6 29. Nxd6 Bg4 30. h4 Be2 31. hxg5 hxg5 32. Re1 Bd3 33. Nxe4 Bxc4
34. Nxc5 Kh7 35. Nb7 Ba6 36. Re7 Bxb7 37. Rxb7 Rxb7 38. Bxb7 Kg8 39. d6 Kf8 40.
d7 Ke7 41. Bc6 1-0

[Event "XIX Festival B"]
[Site "Robecchetto con Induno ITA"]
[Date "2008.12.29"]
[Round "4"]
[White "Puricelli, Giancarlo"]
[Black "Macchiettini, Pierangelo"]
[Result "1-0"]
[WhiteElo "1607"]
[BlackElo "1706"]
[PlyCount "51"]
[EventDate "2008.12.27"]

1. d4 d5 2. c4 e6 3. Nc3 Nf6 4. Nf3 Bb4 5. Bd2 dxc4 6. e3 Bxc3 7. Bxc3 b5 8. a4
c6 9. axb5 cxb5 10. Be2 Bb7 11. O-O O-O 12. Ne5 Nbd7 13. Bf3 Bxf3 14. Qxf3 Nxe5
15. dxe5 Nd5 16. Rfd1 Qc7 17. Bd4 a6 18. e4 Nb4 19. Rac1 Nd3 20. Rxd3 Qb7 21.
Rdc3 Rfd8 22. Be3 h6 23. Qg4 Kh8 24. Qh4 Rd7 25. Bxh6 gxh6 26. Qxh6+ 1-0

[Event "XIX Festival B"]
[Site "Robecchetto con Induno ITA"]
[Date "2008.12.29"]
[Round "4"]
[White "Recanatini, Italo"]
[Black "Albrizio, Mauro"]
[Result "1-0"]
[WhiteElo "1897"]
[BlackElo "1644"]
[PlyCount "91"]
[EventDate "2008.12.27"]

1. e4 e6 2. d4 d5 3. exd5 exd5 4. Bd3 Nf6 5. Bg5 Be7 6. Nd2 O-O 7. Ngf3 Bg4 8.
h3 Bh5 9. O-O Nbd7 10. c3 c6 11. Qc2 Bg6 12. Rfe1 Bxd3 13. Qxd3 Re8 14. Bxf6
Nxf6 15. Re2 Bd6 16. Rxe8+ Qxe8 17. Re1 Qd7 18. b3 Re8 19. Kf1 Rxe1+ 20. Kxe1
Qe6+ 21. Qe2 Ne4 22. Nxe4 Qxe4 23. Qxe4 dxe4 24. Nd2 f5 25. f3 e3 26. Nc4 Bg3+
27. Ke2 f4 28. Na5 Bh4 29. Nxb7 Be7 30. Na5 c5 31. Nc6 Bd6 32. Nxa7 cxd4 33.
cxd4 Kf7 34. Nb5 Bb8 35. d5 Ke7 36. a4 Bd6 37. a5 Bc5 38. a6 Kd7 39. a7 Bxa7
40. Nxa7 Kd6 41. Nc6 Kxd5 42. Ne7+ Kc5 43. h4 Kb4 44. Nd5+ Kxb3 45. Nxf4 Kc4
46. Kxe3 1-0

[Event "XIX Festival B"]
[Site "Robecchetto con Induno ITA"]
[Date "2008.12.29"]
[Round "4"]
[White "Rigotti, Gianluigi"]
[Black "Longo, Giovanni"]
[Result "1-0"]
[WhiteElo "1595"]
[BlackElo "1670"]
[PlyCount "81"]
[EventDate "2008.12.27"]

1. e4 c6 2. d4 d5 3. e5 Bf5 4. Bd3 Bxd3 5. Qxd3 e6 6. Ne2 Nd7 7. O-O c5 8. c3
Ne7 9. Bg5 h6 10. Qh3 Qb6 11. b3 Ng6 12. Be3 cxd4 13. cxd4 Be7 14. f4 Nh4 15.
g4 f5 16. exf6 Bxf6 17. Nbc3 O-O-O 18. f5 Kb8 19. fxe6 Qxe6 20. Nf4 Qe8 21.
Nfxd5 Bg5 22. Qg3+ Ne5 23. dxe5 Bxe3+ 24. Qxe3 Qe6 25. Qe4 Ng6 26. Rf5 Nh4 27.
Rh5 g5 28. Rf1 Rhf8 29. Nf6 Rd2 30. Rxh4 Qb6+ 31. Kh1 Rfd8 32. Nfd5 Qb5 33. Qc4
R2xd5 34. Nxd5 Qxc4 35. bxc4 gxh4 36. e6 Kc8 37. e7 Re8 38. Rf8 Kd7 39. Rxe8
Kxe8 40. Kg2 b6 41. Kh3 1-0

[Event "XIX Festival B"]
[Site "Robecchetto con Induno ITA"]
[Date "2008.12.29"]
[Round "4"]
[White "Rossi, Giampiero"]
[Black "Gonella, Daniele"]
[Result "1-0"]
[WhiteElo "1984"]
[BlackElo "1736"]
[PlyCount "123"]
[EventDate "2008.12.27"]

1. d4 d5 2. c4 c6 3. cxd5 cxd5 4. Nc3 Nf6 5. Nf3 e6 6. Bf4 Bd6 7. Bg3 O-O 8. e3
Nc6 9. Rc1 a6 10. Bd3 Bxg3 11. hxg3 b5 12. Ne5 Ne7 13. Ng4 Ng6 14. Nxf6+ Qxf6
15. Qf3 Qxf3 16. gxf3 Bb7 17. f4 h6 18. Kd2 Rac8 19. a4 b4 20. Na2 a5 21. Rxc8
Rxc8 22. Rc1 Ne7 23. Rxc8+ Nxc8 24. Nc1 Bc6 25. Nb3 Bxa4 26. Nxa5 Nd6 27. f3
Kf8 28. e4 Ke7 29. e5 Ne8 30. Nb7 Nc7 31. Nc5 Bb5 32. Bxb5 Nxb5 33. Kd3 Na7 34.
Ke3 Nc6 35. Nd3 Na5 36. g4 g6 37. b3 Nxb3 38. Nxb4 Na5 39. f5 Nc4+ 40. Ke2 Kf8
41. f6 Kg8 42. f4 Nb6 43. Kf3 Kh7 44. f5 exf5 45. gxf5 gxf5 46. Kf4 Kg6 47. Nc6
Kh7 48. Ne7 Nd7 49. Nxd5 Nf8 50. Kxf5 Ne6 51. Ke4 h5 52. Nf4 Ng5+ 53. Kf5 Nf3
54. d5 h4 55. d6 Nd4+ 56. Ke4 Nc6 57. Kd5 Nd8 58. d7 Kh6 59. Kd6 Kg5 60. e6
Kxf6 61. Nd5+ Kg7 62. e7 1-0

[Event "XIX Festival B"]
[Site "Robecchetto con Induno ITA"]
[Date "2008.12.29"]
[Round "4"]
[White "Tamassia, Gabriele"]
[Black "Griffini, Andrea"]
[Result "1/2-1/2"]
[WhiteElo "1810"]
[BlackElo "1687"]
[PlyCount "40"]
[EventDate "2008.12.27"]

1. c4 e5 2. Nc3 Nc6 3. g3 Nf6 4. Bg2 a6 5. d3 Bc5 6. e3 d6 7. Nge2 O-O 8. a3 a5
9. O-O Bd7 10. d4 exd4 11. exd4 Ba7 12. Bg5 h6 13. Bxf6 Qxf6 14. Nd5 Qd8 15.
Qd2 a4 16. Rad1 Qc8 17. Kh1 Bg4 18. f3 Bh5 19. Nb4 Na5 20. Nd5 Nc6 1/2-1/2

[Event "XIX Festival B"]
[Site "Robecchetto con Induno ITA"]
[Date "2008.12.29"]
[Round "4"]
[White "Torretta, Gilberto"]
[Black "Santarelli, Sabatino"]
[Result "1-0"]
[WhiteElo "1765"]
[BlackElo "1692"]
[PlyCount "121"]
[EventDate "2008.12.27"]

1. e4 c5 2. Nc3 g6 3. Nge2 Bg7 4. g3 e6 5. Bg2 Ne7 6. O-O O-O 7. d3 Nbc6 8. Bg5
Re8 9. Qd2 a6 10. a4 d6 11. Bh6 Bh8 12. f4 Qb6 13. f5 exf5 14. Qf4 Be5 15. Qh4
c4+ 16. Kh1 cxd3 17. cxd3 Nd4 18. Nf4 Qd8 19. Bg5 Ne6 20. Nxe6 Bxe6 21. exf5
Bxc3 22. fxe6 fxe6 23. bxc3 Qc7 24. Bxe7 Rxe7 25. Qd4 Rb8 26. c4 b6 27. Rf6 Qc5
28. Qxc5 bxc5 29. Bh3 Kg7 30. Rxe6 Rxe6 31. Bxe6 Rb3 32. Rd1 a5 33. Bd7 Kf6 34.
d4 cxd4 35. Rxd4 Re3 36. Rxd6+ Ke7 37. Rd5 Rc3 38. Bb5 Ke6 39. Kg2 h6 40. Rd7
h5 41. Ra7 g5 42. Rxa5 Rc2+ 43. Kh3 g4+ 44. Kh4 Rxh2+ 45. Kg5 Rh3 46. Ra6+ Ke5
47. Rg6 Kd4 48. a5 Rxg3 49. Kxh5 Ra3 50. Rxg4+ Kc5 51. Rg5+ Kd6 52. a6 Rh3+ 53.
Kg6 Kc7 54. Rd5 Rg3+ 55. Kf5 Rf3+ 56. Ke4 Ra3 57. a7 Kb6 58. Rd7 Ra5 59. Kd5
Ra1 60. c5+ Kxb5 61. Rb7+ 1-0

[Event "XIX Festival B"]
[Site "Robecchetto con Induno ITA"]
[Date "2008.12.29"]
[Round "4"]
[White "Zito, Riccardo"]
[Black "Poletto, Daniele"]
[Result "1/2-1/2"]
[WhiteElo "1575"]
[BlackElo "1799"]
[PlyCount "87"]
[EventDate "2008.12.27"]

1. e4 c5 2. Nf3 e6 3. d4 cxd4 4. Nxd4 a6 5. c4 Nf6 6. Bg5 Qa5+ 7. Bd2 Qe5 8.
Be3 Nxe4 9. Bd3 Bb4+ 10. Kf1 Nc5 11. Nf3 Qd6 12. Bc2 Qxd1+ 13. Bxd1 Ne4 14. a3
Be7 15. Bc2 Nf6 16. Nc3 Nc6 17. Ke2 d5 18. cxd5 Nxd5 19. Nxd5 exd5 20. Bb3 Be6
21. Bb6 Bd8 22. Be3 Bc7 23. Rhd1 Rd8 24. Bc5 b6 25. Be3 d4 26. Bxe6 dxe3 27.
Rxd8+ Nxd8 28. Bc8 exf2 29. Bxa6 O-O 30. Bb5 Ne6 31. Kxf2 Rd8 32. g3 g6 33. b4
Kf8 34. a4 Nd4 35. Nxd4 Rxd4 36. a5 bxa5 37. bxa5 Rd5 38. a6 Bb6+ 39. Kg2 Rxb5
40. a7 Bxa7 41. Rxa7 Kg7 42. Ra6 h6 43. h4 h5 44. Rc6 1/2-1/2

[Event "XIX Festival B"]
[Site "Robecchetto con Induno ITA"]
[Date "2008.12.29"]
[Round "5"]
[White "Albrizio, Mauro"]
[Black "Rigotti, Gianluigi"]
[Result "0-1"]
[WhiteElo "1644"]
[BlackElo "1595"]
[PlyCount "136"]
[EventDate "2008.12.27"]

1. e4 e5 2. Nf3 Nf6 3. Nxe5 Qe7 4. d4 d6 5. Nf3 Nxe4 6. Be2 Bf5 7. O-O d5 8. c3
Nd7 9. Re1 Be6 10. Bd3 Nef6 11. Ng5 Nb6 12. Nxe6 fxe6 13. Bf4 g6 14. Nd2 Kf7
15. Nf3 h6 16. Ne5+ Kg7 17. Nxg6 Qd7 18. Nxh8 Kxh8 19. Be5 Bg7 20. Qd2 Rf8 21.
Re2 Nc4 22. Bxc4 dxc4 23. Rae1 Ng4 24. Bxg7+ Qxg7 25. Rxe6 Nf6 26. Re7 Qg6 27.
Rxc7 Nd5 28. Rxc4 Nf4 29. g3 Nh3+ 30. Kg2 Rxf2+ 31. Qxf2 Nxf2 32. Kxf2 Qf7+ 33.
Kg1 Qxc4 34. Re8+ Kg7 35. Re7+ Kg6 36. Rxb7 Qxa2 37. g4 Qb1+ 38. Kf2 Qh1 39.
Rxa7 Qxh2+ 40. Kf3 Qxb2 41. Ra6+ Kf7 42. Rc6 Qh2 43. Rc5 Qh3+ 44. Kf4 Qf1+ 45.
Kg3 Qd3+ 46. Kf4 Qe2 47. Kg3 Qe3+ 48. Kg2 Kg6 49. Rc6+ Kg5 50. d5 Qe4+ 51. Kg3
Qxd5 52. Rc8 Qd3+ 53. Kg2 Kxg4 54. Rg8+ Kh4 55. Kg1 Qxc3 56. Kh2 Qe5+ 57. Kg1
Kh3 58. Kf2 h5 59. Kf1 Kh2 60. Rg2+ Kh3 61. Rg8 h4 62. Kf2 Qe4 63. Rg1 Kh2 64.
Rg8 h3 65. Rf8 Qg2+ 66. Ke1 Kh1 67. Rf1+ Kh2 68. Rf2 Kg1 0-1

[Event "XIX Festival B"]
[Site "Robecchetto con Induno ITA"]
[Date "2008.12.29"]
[Round "5"]
[White "Attuati, Stefano"]
[Black "Vinciguerra, Riccardo"]
[Result "1/2-1/2"]
[WhiteElo "1778"]
[BlackElo "1523"]
[PlyCount "52"]
[EventDate "2008.12.27"]

1. e4 d5 2. exd5 Qxd5 3. Nc3 Qd6 4. d4 Nf6 5. Nf3 c6 6. Be2 Bg4 7. O-O e6 8. h3
Bxf3 9. Bxf3 Be7 10. Ne4 Nxe4 11. Bxe4 Nd7 12. c3 h6 13. f4 Nf6 14. Bc2 Bd8 15.
f5 Bc7 16. Bf4 Qd7 17. Bxc7 Qxc7 18. fxe6 fxe6 19. Re1 O-O-O 20. Rxe6 Kb8 21.
Bg6 Qg3 22. Qc2 Nd5 23. Qe4 Nf4 24. Qe5+ Ka8 25. Be4 Nxh3+ 26. Kh1 Nf2+ 1/2-1/2

[Event "XIX Festival B"]
[Site "Robecchetto con Induno ITA"]
[Date "2008.12.29"]
[Round "5"]
[White "Brunetti, Alessandro"]
[Black "Barrera, Pietro"]
[Result "1-0"]
[WhiteElo "1940"]
[BlackElo "1866"]
[PlyCount "109"]
[EventDate "2008.12.27"]

1. d4 d5 2. c4 e6 3. Nc3 c6 4. Nf3 Nf6 5. Bg5 Be7 6. e3 Nbd7 7. cxd5 exd5 8.
Bd3 O-O 9. O-O Re8 10. Qc2 Nf8 11. Rab1 Nh5 12. Bxe7 Qxe7 13. b4 a6 14. Na4 g6
15. Qc5 Ng7 16. Qxe7 Rxe7 17. Nb6 Rb8 18. a4 Nd7 19. Nxd7 Bxd7 20. b5 axb5 21.
axb5 cxb5 22. Ne5 Be6 23. Rxb5 Rc7 24. Rfb1 f6 25. Nf3 Kf7 26. Kf1 Ne8 27. Rb6
Ke7 28. Nd2 Nd6 29. Nb3 Ra8 30. Nc5 Bc8 31. R1b2 Ra1+ 32. Ke2 f5 33. h4 Ra7 34.
Kf3 Ra3 35. Kf4 Rxd3 36. Nxd3 Nc4 37. Nc5 Nxb2 38. Rxb2 Kf6 39. Rb6+ Rc6 40.
Rb5 Rc7 41. Kf3 h6 42. Nd3 Be6 43. Rb6 Ke7 44. Nc5 Bf7 45. Nxb7 g5 46. Nc5 Bh5+
47. Kg3 Bf7 48. Rxh6 gxh4+ 49. Kxh4 Ra7 50. Kg3 Ra2 51. Nd3 Rd2 52. Ne5 Be6 53.
Rh2 f4+ 54. exf4 Rxd4 55. Nc6+ 1-0

[Event "XIX Festival B"]
[Site "Robecchetto con Induno ITA"]
[Date "2008.12.29"]
[Round "5"]
[White "Clerici, Samuele"]
[Black "Rossi, Giampiero"]
[Result "0-1"]
[WhiteElo "1728"]
[BlackElo "1984"]
[PlyCount "100"]
[EventDate "2008.12.27"]

1. e4 c5 2. Nf3 e6 3. d4 cxd4 4. Nxd4 a6 5. Nc3 Qc7 6. Be3 Nf6 7. Bd3 Nc6 8.
Nde2 b5 9. a3 Bb7 10. O-O Be7 11. f4 d6 12. Ng3 O-O 13. Nh5 Rfc8 14. f5 Ne5 15.
Bd4 exf5 16. Rxf5 Nxh5 17. Rxh5 g6 18. Rh3 Bf8 19. Qe1 Qe7 20. Rg3 Re8 21. Nd5
Bxd5 22. exd5 Nf3+ 23. Rxf3 Qxe1+ 24. Rxe1 Rxe1+ 25. Kf2 Rae8 26. c4 bxc4 27.
Bxc4 R1e4 28. Rd3 Bg7 29. Bxg7 Kxg7 30. b3 a5 31. Bb5 Rb8 32. a4 Rxb5 33. axb5
Rb4 34. Ke3 Rxb5 35. Kd4 Rb4+ 36. Kc3 Kf6 37. Rf3+ Ke7 38. Re3+ Kd7 39. Re1 Rb5
40. Re2 Rxd5 41. Kc4 Rc5+ 42. Kd4 f6 43. Ra2 Ke6 44. h3 h5 45. Ke4 Re5+ 46. Kd4
h4 47. Rf2 g5 48. Rf3 f5 49. Rf2 Re4+ 50. Kd3 a4 0-1